ბათუმის შოთა რუსთაველის სახელმწიფო უნივერსიტეტის ბიბლიოთეკა

ხეხილის სანერგე (ბიბ.ჩანაწერი № 44687)

000 -LEADER
fixed length control field 00612nam a2200217Ia 4500
001 - CONTROL NUMBER
control field 11491
003 - CONTROL NUMBER IDENTIFIER
control field GE_BSU
008 - FIXED-LENGTH DATA ELEMENTS--GENERAL INFORMATION
fixed length control field 181216s||||||||xx |||||||||||||| ||und||
040 ## - CATALOGING SOURCE
Transcribing agency GE_BSU
080 ## - UNIVERSAL DECIMAL CLASSIFICATION NUMBER
Universal Decimal Classification number 634:631.53.037
100 ## - MAIN ENTRY--PERSONAL NAME
Personal name ბუჩუკური,ა.
245 ## - TITLE STATEMENT
Title ხეხილის სანერგე
245 ## - TITLE STATEMENT
Statement of responsibility, etc. რედ:ი.მაღალაშვილი.
260 ## - PUBLICATION, DISTRIBUTION, ETC.
Place of publication, distribution, etc. თბილისი
260 ## - PUBLICATION, DISTRIBUTION, ETC.
Name of publisher, distributor, etc. სახელგამი
260 ## - PUBLICATION, DISTRIBUTION, ETC.
Date of publication, distribution, etc. 1953
300 ## - PHYSICAL DESCRIPTION
Extent 107გვ;20სმ.
300 ## - PHYSICAL DESCRIPTION
Other physical details ილ.
653 ## - INDEX TERM--UNCONTROLLED
Uncontrolled term ხეხილის სანერგე
942 ## - ADDED ENTRY ELEMENTS (KOHA)
Koha item type წიგნი
ეგზემპლარები
Withdrawn status Lost status Damaged status Not for loan Date acquired Barcode Date last seen Price effective from Koha item type
        2018-12-17 20103 2018-12-17 2018-12-17 წიგნი
        2018-12-17 20104 2018-12-17 2018-12-17 წიგნი